000 00303nam a2200121Ia 4500
008 190216s9999||||xx |||||||||||||| ||und||
100 _aBrech E F L
245 0 _aPrinciples And Practice Of Mangement
260 _bNew Central Book Agencies
_c1970
300 _a1066p
650 _aCommerce
942 _cBK
999 _c4660
_d4660